|
|
|
|
| LEADER |
01183nam a2200385 4500 |
| 001 |
DLU060052831 |
| 005 |
##20060516 |
| 008 |
##951004s1995 si a b 100 0 eng d |
| 010 |
# |
# |
|a 95226102
|
| 020 |
# |
# |
|a 9810222394
|
| 035 |
# |
# |
|9 (DLC) 95226102
|
| 035 |
# |
# |
|a (OCoLC)33239456
|
| 040 |
# |
# |
|a ARaS
|c ARaS
|d DLC
|
| 042 |
# |
# |
|a lccopycat
|
| 050 |
# |
# |
|a TK7882.P3
|b S53 1995
|
| 082 |
# |
# |
|a 006.42
|b Sha
|
| 245 |
# |
# |
|a Shape, structure, and pattern recognition :
|b Nahariya, Israel, 4-6 October 1994 /
|c edited by Dov Dori, Alfred Bruckstein.
|
| 260 |
# |
# |
|a Singapore ;
|a River Edge, N.J., :
|b World Scientific,
|c c1995.
|
| 300 |
# |
# |
|a xii, 442 p. :
|b ill. ;
|c 26 cm.
|
| 504 |
# |
# |
|a Includes bibliographical references.
|
| 650 |
# |
# |
|a Document imaging systems
|x Congresses.
|
| 650 |
# |
# |
|a Optical pattern recognition
|x Congresses.
|
| 650 |
# |
# |
|a Pattern recognition systems
|x Congresses.
|
| 700 |
# |
# |
|a Bruckstein, Alfred,
|d 1945
|
| 700 |
# |
# |
|a Dori, Dov.
|
| 923 |
# |
# |
|a 04/2006
|
| 992 |
# |
# |
|a 18.000
|
| 994 |
# |
# |
|a DLU
|
| 900 |
# |
# |
|a True
|
| 911 |
# |
# |
|a Đào Thị Thu Huyền
|
| 925 |
# |
# |
|a G
|
| 926 |
# |
# |
|a A
|
| 927 |
# |
# |
|a SH
|
| 980 |
# |
# |
|a Thư viện Trường Đại học Đà Lạt
|